| 000 | 01298nam0a2200385 4500 | ||
|---|---|---|---|
| 001 | RU\NLR\bibl\202184 | ||
| 005 | 20250619093624.0 | ||
| 010 |
_a5-7024-1144-7 _951000 |
||
| 020 |
_aRU _b01-19184 _9Книжная летопись |
||
| 021 |
_aRU _b2001-2004 _9105 |
||
| 035 | _a(NLR Aleph) 000198501 | ||
| 090 |
_a1149827 _c1149827 |
||
| 100 | _a20011112d2000 |||y0rusy50 ca | ||
| 101 | 1 |
_arus _ceng |
|
| 102 | _aRU | ||
| 105 | _ay ||||||||| | ||
| 200 | 1 |
_aПритворщица _eРоман _fМарта Поттерс _g[Пер. с англ. А.С. Бугровой] |
|
| 210 |
_aМ. _cПанорама _d2000 |
||
| 215 |
_a185, [1] с. _d17 |
||
| 225 | 1 | _aПанорама романов о любви | |
| 311 | _aЛит.-художеств. прил. к междунар. журн. "Панорама" | ||
| 422 | 0 |
_12001#$aПанорама _tПанорама |
|
| 610 | 0 | _aЛюбовь (х. л.) | |
| 675 |
_a821.111-31Поттерс _v3 _zrus |
||
| 686 |
_a17.82 _2rugasnti |
||
| 686 |
_a84(4Вел)-44 _2rubbk |
||
| 686 | _aШ6(4Вл)67-440.4 | ||
| 700 | 1 |
_aПоттерс _gМарта _4070 |
|
| 801 | 0 |
_aRU _bRKP _c20011112 _gPSBO |
|
| 801 | 1 |
_aRU _bRKP _c20011112 |
|
| 801 | 2 |
_aRU _bNLR _c20011210 _grcr |
|
| 942 | _cBOOK | ||
| 980 | _aNB | ||